Szocialista brigádmozgalom a megye ipari szövetkezeteiben Tanácskozást tartottak Szegeden
Elmentve itt :
| Dokumentumtípus: | Cikk |
|---|---|
| Megjelent: |
1978-10-27
|
| Sorozat: | Délmagyarország
68 No. 254 |
| Kulcsszavak: | szocialista versenyek, brigádok |
| Online Access: | http://dmarchiv.bibl.u-szeged.hu/103530 |
| LEADER | 00486nab a2200145 i 4500 | ||
|---|---|---|---|
| 001 | delm103530 | ||
| 005 | 20190515142841.0 | ||
| 008 | 190515s1978 hu o 0|| hun d | ||
| 040 | |a SZTE Délmagyarország Archívum |b hun | ||
| 041 | |a hun | ||
| 245 | 0 | 0 | |a Szocialista brigádmozgalom a megye ipari szövetkezeteiben |h [elektronikus dokumentum] : |b Tanácskozást tartottak Szegeden |
| 260 | |c 1978-10-27 | ||
| 300 | |a 3 | ||
| 490 | 0 | |a Délmagyarország |v 68 No. 254 | |
| 695 | |a szocialista versenyek, brigádok | ||